| 000 | 00457nam a2200145Ia 4500 | ||
|---|---|---|---|
| 008 | 230917s9999||||xx |||||||||||||| ||und|| | ||
| 040 |
_e176149 _aMAIN |
||
| 041 | _aEnglish | ||
| 082 | _a891.43172109153 KN824M | ||
| 100 | _aमिश्र, मनोरमा | ||
| 245 | 0 | _aमिथकीय चेतनाः समकालीन सन्दर्भ | |
| 260 |
_aदिल्ली _bवाणी _c2007 |
||
| 300 | _a360 पृ. p. | ||
| 942 | _cHN | ||
| 999 |
_c146017 _d146017 |
||